|
|
|
|
| LEADER |
01090nam a2200289 a 4500 |
| 001 |
12328300 |
| 008 |
110302s2001 enka b 001 0 eng d |
| 010 |
|
|
|a 2001025483
|
| 020 |
|
|
|a 0521804264
|
| 020 |
|
|
|a 0521009626 (pb.)
|
| 020 |
|
|
|a 9780521804264
|
| 020 |
|
|
|a 9780521009621
|
| 040 |
|
|
|a DLC
|c DLC
|d DLC
|d BD-DhAAL
|
| 082 |
0 |
0 |
|a 511/.8
|2 21
|
| 100 |
1 |
|
|a Skiena, Steven S.
|
| 245 |
1 |
0 |
|a Calculated bets :
|b computers, gambling, and mathematical modeling to win /
|c Steven Skiena.
|
| 260 |
|
|
|a Cambridge ;
|a New York :
|b Cambridge University Press,
|c 2001.
|
| 300 |
|
|
|a xv, 232 p. :
|b ill. ;
|c 24 cm.
|
| 490 |
0 |
|
|a Outlooks
|
| 504 |
|
|
|a Includes bibliographical references and index.
|
| 541 |
1 |
|
|e 00021990
|
| 650 |
|
0 |
|a Mathematical models.
|
| 650 |
|
0 |
|a Gambling
|x Mathematical models.
|
| 650 |
|
0 |
|a Jai alai
|x Betting.
|
| 852 |
4 |
|
|a Ayesha Abed Library
|j General shelf
|
| 999 |
|
|
|c 10501
|d 10501
|
| 952 |
|
|
|0 0
|1 0
|2 ddc
|4 0
|6 511_800000000000000_SKI
|7 0
|9 14523
|a BRACUL
|b BRACUL
|c GEN
|d 2011-03-02
|e Karim International
|g 1650.00
|l 4
|m 18
|o 511.8 SKI
|p 3010021990
|r 2019-10-12
|s 2019-09-16
|t 1
|w 2011-03-02
|y BK
|